Statistiques concernant Les 10 Plus Grandes villes de ces pays Américains

Cliquez ici pour prendre le quiz!

Statistiques générales

  • Ce quiz a été pris 108 fois
  • Le résultat moyen est 27 sur 60

Statistiques - réponses

HintAnswer% Correct
Etats unis/ 8 622 698New York
98%
Brésil/6 093 472Rio de Janeiro
98%
Mexique/8 918 653Mexico
97%
Etats unis/3 999 759Los Angeles
96%
Argentine/3 090 900Buenos Aires
95%
Brésil/ 2 562 964Brasília
94%
Canada/1 704 694Montréal
94%
Canada/934 243 Ottawa
93%
Brésil/11 895 893São Paulo
93%
Etats unis/2 716 450Chicago
92%
Colombie/6 778 691Bogota
89%
Canada/2 731 571Toronto
84%
Etats unis/1 025 350Boston
80%
Canada/631 486 Vancouver
80%
Etats unis/1 317 929Dallas
79%
Canada/531 902Québec
79%
Etats unis/2 303 482Houston
79%
Etats unis/1 552 880 Philadelphie
69%
Colombie/2 219 861Medellín
65%
Etats unis/1 445 632 Phoenix
60%
Etats unis/1 406 630San Diego
57%
Brésil/2 130 264Manaus
52%
Canada/1 195 194 Calgary
51%
Brésil/2 375 444Belo Horizonte
51%
Brésil/1 533 580Recife
49%
Mexique/1 600 940Guadalajara
47%
Etats unis/1 392 475San Antonio
47%
Colombie/2 075 380Cali
45%
Mexique/1 286 187 Tijuana
44%
Mexique/1 635 512Monterrey
43%
Brésil/1 420 667Porto Alegre
42%
Canada/812 201Edmonton
41%
Argentine/1 198 528Rosario
39%
Canada/727 500 Winnipeg
38%
Brésil/ 2 431 415Fortaleza
36%
Argentine/1 403 000Córdoba
34%
Colombie/1 112 889Barranquilla
27%
Mexique/1 301 452 Juárez
26%
Brésil/2 902 927Salvador da Bahia
25%
Brésil/1 746 896Curitiba
24%
Mexique/1 539 819Puebla
22%
Colombie/895 400 Carthagène des Indes
18%
Argentine/536 000Salta
15%
Argentine/625 605Mar del Plata
14%
Mexique/1 658 806Ecatepec
14%
Argentine/391 231Santa Fe
13%
Colombie/509 918Bucaramanga
13%
Argentine/740 369La Plata
11%
Mexique/1 567 626León
9%
Canada/536 917Hamilton
8%
Canada/761 042Mississauga
6%
Argentine/527 150San Miguel de Tucumán
6%
Mexique/ 1 039 867Nezahualcóyotl
6%
Colombie/585 543Cúcuta
6%
Colombie/428 397 Pereira
6%
Argentine/328 689Corrientes
4%
Mexique/1 332 272 Zapopan
4%
Colombie/495 246 Ibagué
4%
Argentine/301 572Bahía Blanca
3%
Colombie/455 796 Soledad
2%

Distribution des résultats

Percentile par nombre de réponses

% des personnes avec chaque résultat

Votre développement - résultats

Vous n’avez pas pris ce quiz